[Event "GER-chT U16"]
[Site "Magdeburg"]
[Date "2019.12.27"]
[Round "1.3"]
[White "Kosev, Momchil"]
[Black "Woelk, Tom Frederic"]
[Result "0-1"]
[WhiteElo "1814"]
[BlackElo "2245"]
[PlyCount "76"]
[EventDate "2019.12.27"]
[EventType "team-swiss"]
[EventRounds "7"]
[EventCountry "GER"]
[SourceTitle "CBM 194 Extra"]
[Source "ChessBase"]
[SourceDate "2020.03.31"]
[SourceVersion "1"]
[SourceVersionDate "2020.03.31"]
[SourceQuality "1"]
[WhiteTeam "Erfurt SK"]
[BlackTeam "Hamburger SK"]
[WhiteTeamCountry "GER"]
[BlackTeamCountry "GER"]

1. Nf3 Nf6 2. g3 b5 3. Bg2 Bb7 4. d4 e6 5. 0-0 c5 6. b3 cxd4 7. Bb2 Be7 8. Bxd4 Nc6 9. Bb2 0-0 10. a4 b4 11. Nbd2 d5 12. Re1 Qb6 13. e3 Rac8 14. Rc1 Rfd8 15. Nd4 Na5 16. h3 Nd7 17. N2f3 Nc5 18. Ne5 f6 19. Nd3 Nxd3 20. Qxd3 e5 21. Nf5 Bf8 22. g4 Rd7 23. Red1 Rcd8 24. e4 dxe4 25. Qxd7 Rxd7 26. Rxd7 Bc8 27. Rdd1 Bc5 28. Bxe4 g6 29. Bd5+ Kf8 30. Ne3 Bxe3 31. fxe3 Qxe3+ 32. Kg2 h5 33. Rd3 Qe2+ 34. Kh1 hxg4 35. hxg4 Bxg4 36. Bg2 Bf5 37. Rd5 Be4 38. Rd2 Bxg2+ 0-1

[Event "GER-ch U14"]
[Site "Willingen"]
[Date "2019.06.11"]
[Round "4"]
[White "Kosev, Momchil"]
[Black "Weidenhoefer, Max"]
[Result "1-0"]
[WhiteElo "1827"]
[BlackElo "1787"]
[PlyCount "105"]
[EventDate "2019.06.08"]
[EventType "swiss"]
[EventRounds "9"]
[EventCountry "GER"]
[SourceTitle "CBM 191 Extra"]
[Source "ChessBase"]
[SourceDate "2019.09.30"]
[SourceVersion "1"]
[SourceVersionDate "2019.09.30"]
[SourceQuality "1"]

1. Nf3 d5 2. g3 Nf6 3. Bg2 e6 4. 0-0 Be7 5. d3 0-0 6. Nbd2 c5 7. Re1 Nc6 8. e4 dxe4 9. dxe4 Nd4 10. Nxd4 Qxd4 11. e5 Ne8 12. Qe2 Rb8 13. c3 Qd8 14. Ne4 b6 15. Bf4 Bb7 16. Rad1 Qc7 17. Qh5 Bxe4 18. Bxe4 g6 19. Qe2 Ng7 20. Bf3 Rbd8 21. h4 h5 22. Qb5 Rxd1 23. Rxd1 Rd8 24. Ra1 Nf5 25. a4 a5 26. Rc1 Qa7 27. Rc2 Kg7 28. Rd2 Rxd2 29. Bxd2 Qc7 30. Bf4 Qd8 31. Qc6 Kf8 32. Qa8 Qxa8 33. Bxa8 Ke8 34. Bc6+ Kf8 35. Kf1 Bd8 36. Ke2 Ne7 37. Bh6+ Kg8 38. Bb7 Bc7 39. Bf4 Nd5 40. Bxd5 exd5 41. e6 Bd8 42. Bc7 Be7 43. exf7+ Kxf7 44. Bxb6 Ke6 45. Bxa5 Kd7 46. Kd3 Kc6 47. b4 cxb4 48. cxb4 g5 49. hxg5 Bxg5 50. b5+ Kb7 51. Kd4 h4 52. gxh4 Bxh4 53. f3 1-0

[Event "GER-ch U12"]
[Site "Willingen"]
[Date "2017.06.08"]
[Round "8"]
[White "Kosev, Momchil"]
[Black "Grossmann, Piet"]
[Result "1-0"]
[WhiteElo "1714"]
[BlackElo "1608"]
[PlyCount "95"]
[EventDate "2017.06.04"]
[EventType "swiss"]
[EventRounds "11"]
[EventCountry "GER"]
[SourceTitle "CBM 178 Extra"]
[Source "ChessBase"]
[SourceDate "2017.06.22"]
[SourceVersion "1"]
[SourceVersionDate "2017.06.22"]
[SourceQuality "1"]

1. c4 e6 2. Nc3 f5 3. g3 Nf6 4. Bg2 Be7 5. Nf3 0-0 6. 0-0 d6 7. d4 Qe8 8. Re1 Nbd7 9. e4 fxe4 10. Nxe4 Nxe4 11. Rxe4 Nf6 12. Re1 Qf7 13. Ng5 Qh5 14. Qxh5 Nxh5 15. Nxe6 Bxe6 16. Rxe6 Bf6 17. Re4 c6 18. g4 d5 19. cxd5 cxd5 20. Re2 Bxd4 21. Bxd5+ Kh8 22. gxh5 Rf5 23. Bb3 Raf8 24. Be3 Bxe3 25. fxe3 Rxh5 26. Rf1 Rg5+ 27. Rg2 Rxg2+ 28. Kxg2 Rxf1 29. Kxf1 g5 30. h4 h6 31. Kg2 Kg7 32. hxg5 hxg5 33. Kg3 Kf6 34. Kg4 Ke5 35. Bc2 a5 36. a4 b6 37. Kxg5 Kd5 38. Kf5 Kc5 39. e4 Kd4 40. e5 Ke3 41. e6 Kd2 42. e7 Kxc2 43. e8Q Kxb2 44. Qb5+ Ka3 45. Ke5 Ka2 46. Kd4 Ka3 47. Kc3 Ka2 48. Qb2# 1-0

[Event "GER-ch U12"]
[Site "Willingen"]
[Date "2017.06.07"]
[Round "6"]
[White "Kosev, Momchil"]
[Black "Schubert, Nikita"]
[Result "1/2-1/2"]
[WhiteElo "1714"]
[BlackElo "1715"]
[PlyCount "43"]
[EventDate "2017.06.04"]
[EventType "swiss"]
[EventRounds "11"]
[EventCountry "GER"]
[SourceTitle "CBM 178 Extra"]
[Source "ChessBase"]
[SourceDate "2017.06.22"]
[SourceVersion "1"]
[SourceVersionDate "2017.06.22"]
[SourceQuality "1"]

1. d4 Nf6 2. Bf4 e6 3. e3 c5 4. c3 Nc6 5. h3 b6 6. Nf3 Bb7 7. Bd3 Be7 8. Nbd2 cxd4 9. exd4 d6 10. 0-0 0-0 11. Re1 Qc7 12. Bh2 Rfe8 13. Rc1 Rad8 14. Qc2 h6 15. Qb1 Bf8 16. Ne4 Nxe4 17. Bxe4 Nb8 18. Bxb7 Qxb7 19. Re2 Nd7 20. Rce1 Nf6 21. Qd3 Rc8 22. Nd2 1/2-1/2

[Event "GER-ch U12"]
[Site "Willingen"]
[Date "2017.06.06"]
[Round "5"]
[White "Laux, Dominik"]
[Black "Kosev, Momchil"]
[Result "1-0"]
[WhiteElo "1786"]
[BlackElo "1714"]
[PlyCount "53"]
[EventDate "2017.06.04"]
[EventType "swiss"]
[EventRounds "11"]
[EventCountry "GER"]
[SourceTitle "CBM 178 Extra"]
[Source "ChessBase"]
[SourceDate "2017.06.22"]
[SourceVersion "1"]
[SourceVersionDate "2017.06.22"]
[SourceQuality "1"]

1. d4 Nf6 2. Bf4 b6 3. e3 Bb7 4. Nf3 e6 5. Bd3 Be7 6. Nbd2 d5 7. c3 Nbd7 8. Ne5 a6 9. 0-0 0-0 10. Re1 c5 11. a3 b5 12. e4 cxd4 13. cxd4 dxe4 14. Nxe4 Nxe4 15. Bxe4 Bxe4 16. Rxe4 Nf6 17. Re2 Rc8 18. Be3 Qd5 19. Rc1 Rfd8 20. Rec2 Rxc2 21. Qxc2 Bf8 22. Qc7 b4 23. Qxf7+ Kh8 24. axb4 Bxb4 25. Rc7 Bf8 26. Bh6 Nd7 27. Rxd7 1-0

[Event "GER-chT U12"]
[Site "Magdeburg"]
[Date "2016.12.27"]
[Round "1.1"]
[White "Gallasch, Jonas"]
[Black "Kosev, Momchil"]
[Result "1/2-1/2"]
[WhiteElo "1755"]
[BlackElo "1669"]
[PlyCount "58"]
[EventDate "2016.12.27"]
[EventType "team-swiss"]
[EventRounds "7"]
[EventCountry "GER"]
[SourceTitle "EXT 2018"]
[Source "ChessBase"]
[SourceDate "2017.10.13"]
[SourceVersion "1"]
[SourceVersionDate "2017.10.13"]
[SourceQuality "1"]
[WhiteTeam "Porz SG"]
[BlackTeam "Erfurt SK"]
[WhiteTeamCountry "GER"]
[BlackTeamCountry "GER"]

1. Nf3 Nf6 2. c4 e6 3. d4 Bb4+ 4. Bd2 Qe7 5. g3 Bxd2+ 6. Qxd2 b6 7. Bg2 Bb7 8. Nc3 d6 9. 0-0 0-0 10. Rad1 Nbd7 11. Rfe1 Ne4 12. Qc2 Nxc3 13. Qxc3 f5 14. b4 Nf6 15. Nd2 Bxg2 16. Kxg2 Qf7 17. f4 Qh5 18. Qf3 Qxf3+ 19. Kxf3 a5 20. b5 e5 21. e3 exd4 22. exd4 Rae8 23. d5 Nd7 24. Nb3 g6 25. Nd4 Nc5 26. h3 Kf7 27. g4 Kf6 28. Nb3 Nxb3 29. axb3 h6 1/2-1/2

[Event "GER-ch U12"]
[Site "Willingen"]
[Date "2016.05.18"]
[Round "7"]
[White "Kosev, Momchil"]
[Black "Kolb, Tobias"]
[Result "1/2-1/2"]
[WhiteElo "1693"]
[BlackElo "1535"]
[PlyCount "61"]
[EventDate "2016.05.15"]
[EventType "swiss"]
[EventRounds "11"]
[EventCountry "GER"]
[SourceTitle "CBM 172 Extra"]
[Source "ChessBase"]
[SourceDate "2016.06.21"]
[SourceVersion "1"]
[SourceVersionDate "2016.06.21"]
[SourceQuality "1"]

1. d4 Nc6 2. Nf3 d5 3. g3 Bf5 4. Bg2 Qd7 5. b3 Nf6 6. Bb2 Bh3 7. 0-0 Bxg2 8. Kxg2 e6 9. c4 Be7 10. Nc3 0-0 11. Rc1 Rfd8 12. e3 a6 13. Qe2 Rac8 14. Rfd1 h6 15. Ne5 Qe8 16. h3 Nh7 17. Nd3 Bb4 18. a3 Bxc3 19. Bxc3 Nf6 20. Bb2 Ne4 21. Nf4 Na5 22. Qd3 Qe7 23. cxd5 exd5 24. Rc2 Nc6 25. f3 Nf6 26. Rc5 Rd7 27. b4 Na7 28. Rdc1 c6 29. Kf2 Re8 30. R5c2 Nc8 31. Re1 1/2-1/2

[Event "GER-ch U12"]
[Site "Willingen"]
[Date "2016.05.18"]
[Round "6"]
[White "Tham, Minh"]
[Black "Kosev, Momchil"]
[Result "1-0"]
[WhiteElo "1611"]
[BlackElo "1693"]
[PlyCount "59"]
[EventDate "2016.05.15"]
[EventType "swiss"]
[EventRounds "11"]
[EventCountry "GER"]
[SourceTitle "CBM 172 Extra"]
[Source "ChessBase"]
[SourceDate "2016.06.21"]
[SourceVersion "1"]
[SourceVersionDate "2016.06.21"]
[SourceQuality "1"]

1. e4 c5 2. d4 cxd4 3. c3 dxc3 4. Nxc3 e6 5. Nf3 Ne7 6. Bg5 Qc7 7. Nb5 Qb6 8. Nd6+ Kd8 9. Nxf7+ Ke8 10. Nxh8 Nbc6 11. Qb3 Qa5+ 12. Bd2 Qc7 13. Rc1 b6 14. Bd3 Bb7 15. 0-0 Ng8 16. e5 g6 17. Nxg6 hxg6 18. Bxg6+ Kd8 19. Bf7 Nge7 20. Bb4 Bh6 21. Bd6 Qc8 22. Rc2 Nf5 23. Rd1 Ba6 24. g4 Nfe7 25. g5 Bg7 26. Bxe7+ Kxe7 27. g6 Qb7 28. Qa3+ Kd8 29. Bxe6 Nb8 30. Bd5 1-0

[Event "GER-ch U12"]
[Site "Willingen"]
[Date "2016.05.17"]
[Round "5"]
[White "Kosev, Momchil"]
[Black "Weihrauch, Jakob"]
[Result "0-1"]
[WhiteElo "1693"]
[BlackElo "1852"]
[PlyCount "120"]
[EventDate "2016.05.15"]
[EventType "swiss"]
[EventRounds "11"]
[EventCountry "GER"]
[SourceTitle "CBM 172 Extra"]
[Source "ChessBase"]
[SourceDate "2016.06.21"]
[SourceVersion "1"]
[SourceVersionDate "2016.06.21"]
[SourceQuality "1"]

1. c4 e5 2. Nc3 Nf6 3. g3 d5 4. cxd5 Nxd5 5. Bg2 Nb6 6. d3 Nc6 7. Nf3 Be7 8. 0-0 0-0 9. Bd2 Be6 10. a3 f6 11. b4 Qd7 12. Rc1 a5 13. b5 Nd4 14. Nxd4 exd4 15. Nb1 Nd5 16. a4 c6 17. bxc6 bxc6 18. Qc2 Rfc8 19. Rfd1 Bg4 20. Re1 f5 21. Qc4 Bf6 22. Na3 Kh8 23. Nc2 Qd6 24. Rb1 Bh5 25. Nxd4 Bf7 26. Nf3 Ra7 27. Qc2 Nb4 28. Bxb4 axb4 29. Nd2 Bc3 30. Rec1 Rca8 31. a5 Rxa5 32. Nc4 Bxc4 33. dxc4 g6 34. Qd3 Qxd3 35. exd3 Rc5 36. Bf3 Ra2 37. Rb3 Rb2 38. Rxb2 Bxb2 39. Rb1 Bc3 40. Bd1 Re5 41. Bf3 c5 42. Kg2 Kg7 43. Kf1 Kf6 44. Bc6 Re6 45. Ba4 Ke5 46. f4+ Kd4 47. Rd1 Ra6 48. Bb3 Ra3 49. Bc2 Ra2 50. Bb1 Rxh2 51. Kg1 Rd2 52. Rc1 Rxd3 53. Bxd3 Kxd3 54. Kf2 Kd2 55. Re1 b3 56. Re2+ Kd1 57. Kf3 b2 58. Re3 b1Q 59. Rxc3 Qe4+ 60. Kf2 Qe1+ 0-1

[Event "GER-ch U10"]
[Site "Willingen"]
[Date "2015.05.26"]
[Round "5"]
[White "Hommer, Jeremy"]
[Black "Kosev, Momchil"]
[Result "1/2-1/2"]
[WhiteElo "1548"]
[BlackElo "1391"]
[PlyCount "106"]
[EventDate "2015.05.24"]
[EventType "swiss"]
[EventRounds "11"]
[EventCountry "GER"]
[SourceTitle "CBM 166 Extra"]
[Source "ChessBase"]
[SourceDate "2015.06.18"]
[SourceVersion "1"]
[SourceVersionDate "2015.06.18"]
[SourceQuality "1"]

1. Nf3 c5 2. g3 Nf6 3. Bg2 g6 4. 0-0 Bg7 5. d4 cxd4 6. Nxd4 0-0 7. c4 Nc6 8. Nc3 Qb6 9. Nxc6 bxc6 10. Rb1 a5 11. a3 Ba6 12. Na4 Qc7 13. c5 d5 14. cxd6 exd6 15. Bf4 Rad8 16. Qc2 c5 17. Rbc1 Qe7 18. Bf3 Bb7 19. Bxb7 Qxb7 20. Rfd1 Qe7 21. Rd2 Ne4 22. Rd3 Be5 23. Re3 Bxf4 24. Rxe4 Qxe4 25. Qxe4 Bxc1 26. e3 Rfe8 27. Qc2 Bxe3 28. fxe3 Rxe3 29. Qd2 Ree8 30. Kf2 d5 31. Nxc5 d4 32. Nd3 a4 33. Qa5 Ra8 34. Qb4 Red8 35. Ke2 Kg7 36. Kd2 h6 37. Ne1 Kh7 38. Kd3 Ra7 39. Nf3 Kg7 40. Nxd4 h5 41. Qc3 Rad7 42. Qc4 Rxd4+ 43. Qxd4+ Rxd4+ 44. Kxd4 Kf6 45. Kc4 Kf5 46. Kb4 Kg4 47. Kxa4 Kh3 48. Kb5 Kxh2 49. a4 Kxg3 50. a5 h4 51. a6 f5 52. a7 f4 53. a8Q f3 1/2-1/2

[Event "GER-ch U10"]
[Site "Magdeburg"]
[Date "2014.06.11"]
[Round "7"]
[White "Prieb, Robert"]
[Black "Kosev, Momchil"]
[Result "1/2-1/2"]
[WhiteElo "1260"]
[BlackElo "1483"]
[PlyCount "82"]
[EventDate "2014.06.08"]
[EventType "swiss"]
[EventRounds "11"]
[EventCountry "GER"]
[SourceTitle "CBM 160 Extra"]
[Source "ChessBase"]
[SourceDate "2014.07.01"]
[SourceVersion "1"]
[SourceVersionDate "2014.07.01"]
[SourceQuality "1"]

1. d4 Nf6 2. Nf3 g6 3. g3 Bg7 4. Bg2 0-0 5. 0-0 d5 6. Nc3 b6 7. Bf4 Bb7 8. Nb5 Na6 9. e3 c6 10. Nc3 Nc7 11. a4 Ne6 12. Be5 Qd7 13. b4 Ba6 14. Re1 Bc4 15. Nd2 Ba6 16. Nb3 Nc7 17. a5 Bb7 18. axb6 axb6 19. Qd2 Ba6 20. Na4 Rfb8 21. Nac5 bxc5 22. Nxc5 Qc8 23. Bxc7 Rb5 24. Bf4 Nd7 25. Nxa6 Rxa6 26. Bh3 Rxa1 27. Rxa1 f5 28. Rc1 Qb7 29. c3 Nf6 30. f3 e6 31. Ra1 Qd7 32. Qa2 Kf7 33. Qa7 Rb7 34. Qc5 Bf8 35. Qa5 Bg7 36. Bf1 Bf8 37. Qa8 Bg7 38. Qa5 Bf8 39. Qa8 Bg7 40. Qa5 Bf8 41. Qa8 Bg7 1/2-1/2

[Event "GER-ch U10"]
[Site "Magdeburg"]
[Date "2014.06.09"]
[Round "4"]
[White "Englert, Jon"]
[Black "Kosev, Momchil"]
[Result "1/2-1/2"]
[WhiteElo "1375"]
[BlackElo "1483"]
[PlyCount "71"]
[EventDate "2014.06.08"]
[EventType "swiss"]
[EventRounds "11"]
[EventCountry "GER"]
[SourceTitle "CBM 160 Extra"]
[Source "ChessBase"]
[SourceDate "2014.07.01"]
[SourceVersion "1"]
[SourceVersionDate "2014.07.01"]
[SourceQuality "1"]

1. e4 c5 2. Nf3 d6 3. d4 cxd4 4. Nxd4 Nf6 5. Nc3 a6 6. f3 e5 7. Nb3 Be6 8. Bg5 Be7 9. Bxf6 Bxf6 10. Nd5 Bxd5 11. Qxd5 Nc6 12. 0-0-0 Be7 13. Bc4 0-0 14. a3 Rc8 15. g4 b5 16. Be2 Na5 17. Nxa5 Qxa5 18. Qd2 Qxd2+ 19. Kxd2 Rfd8 20. Kc1 Rc5 21. c3 d5 22. exd5 Rcxd5 23. Rxd5 Rxd5 24. Rd1 Rxd1+ 25. Kxd1 Kf8 26. Kd2 Ke8 27. Kd3 Kd7 28. c4 b4 29. axb4 Bxb4 30. Ke4 Ke6 31. c5 Bxc5 32. Bxa6 Kf6 33. h4 h6 34. Kd5 Bf2 35. h5 g6 36. hxg6 1/2-1/2

[Event "GER-ch U10"]
[Site "Magdeburg"]
[Date "2014.06.08"]
[Round "1"]
[White "Kosev, Momchil"]
[Black "Basovskiy, Jana"]
[Result "1-0"]
[WhiteElo "1483"]
[BlackElo "1157"]
[PlyCount "57"]
[EventDate "2014.06.08"]
[EventType "swiss"]
[EventRounds "11"]
[EventCountry "GER"]
[SourceTitle "CBM 160 Extra"]
[Source "ChessBase"]
[SourceDate "2014.07.01"]
[SourceVersion "1"]
[SourceVersionDate "2014.07.01"]
[SourceQuality "1"]

1. Nf3 d6 2. d4 Nf6 3. g3 Nc6 4. Bg2 e5 5. dxe5 dxe5 6. Qxd8+ Kxd8 7. 0-0 Bf5 8. c3 Bd6 9. Bg5 Ke7 10. Nh4 Bg6 11. Nxg6+ hxg6 12. Nd2 Rh5 13. h4 Ke6 14. Bh3+ Ke7 15. Bg4 Rh7 16. Ne4 Rah8 17. Kg2 Rd8 18. Rad1 Nb8 19. Rd5 Nbd7 20. Rfd1 Nb6 21. R5d3 Rhh8 22. Rf3 Nbd7 23. Bxd7 Rxd7 24. Nxf6 gxf6 25. Bxf6+ Ke6 26. Bxh8 f5 27. Re3 Rh7 28. Bxe5 Bxe5 29. f4 1-0

[Event "GER-ch U10"]
[Site "Magdeburg"]
[Date "2014.06.08"]
[Round "2"]
[White "Schnabel, Luise"]
[Black "Kosev, Momchil"]
[Result "0-1"]
[WhiteElo "1271"]
[BlackElo "1483"]
[PlyCount "104"]
[EventDate "2014.06.08"]
[EventType "swiss"]
[EventRounds "11"]
[EventCountry "GER"]
[SourceTitle "CBM 160 Extra"]
[Source "ChessBase"]
[SourceDate "2014.07.01"]
[SourceVersion "1"]
[SourceVersionDate "2014.07.01"]
[SourceQuality "1"]

1. e4 c5 2. Nf3 d6 3. d4 cxd4 4. Nxd4 Nf6 5. Nc3 a6 6. Be2 e5 7. Nb3 Be7 8. Be3 0-0 9. 0-0 Qc7 10. f4 b5 11. fxe5 dxe5 12. Bf3 Bb7 13. Nd5 Nxd5 14. exd5 Bd6 15. Nd2 f5 16. Nb1 e4 17. Be2 Bxh2+ 18. Kh1 Be5 19. Bd4 Bxd5 20. Bb6 Qd7 21. Nc3 Be6 22. Bc5 Qxd1 23. Rfxd1 Rc8 24. Bd4 Nc6 25. Bxe5 Nxe5 26. Rd6 Rc6 27. Rad1 Rac8 28. a4 Bc4 29. Rxc6 Rxc6 30. axb5 axb5 31. Bxc4+ Nxc4 32. Rd5 Nxb2 33. Rxb5 Rxc3 34. Rxb2 Kf7 35. Kg1 Kg6 36. Kf2 Kg5 37. Ke2 h5 38. Kd2 Rg3 39. c4 Rxg2+ 40. Kc3 Rxb2 41. Kxb2 Kf6 42. Kc3 Ke6 43. Kd4 Kd6 44. c5+ Kc6 45. Ke3 h4 46. Kf2 f4 47. Ke2 f3+ 48. Kf2 h3 49. Kg3 e3 50. Kxf3 e2 51. Kxe2 h2 52. Kf1 h1Q+ 0-1